| 000 | 01612nam a22003613i 4500 | ||
|---|---|---|---|
| 001 | EBC31781058 | ||
| 003 | MiAaPQ | ||
| 005 | 20241209114837.0 | ||
| 007 | cr cnu|||||||| | ||
| 008 | 241209s2024 xx o ||||0 eng d | ||
| 020 |
_a9789004711655 _q(electronic bk.) |
||
| 020 | _z9789004711648 | ||
| 040 |
_aMiAaPQ _beng _cMiAaPQ |
||
| 100 | 1 |
_aRassbach, Benjamin. _965310 |
|
| 245 | 1 | 0 |
_aLandscapes of Resistance : _bNarratives Around Sacred Places in Sinjar (Iraq) and the Islamic State's Genocide Against Yezidis. |
| 250 | _a1st ed. | ||
| 264 | 1 |
_aBoston : _bBRILL, _c2024. |
|
| 264 | 4 | _c©2025. | |
| 300 | _a1 online resource (407 pages) | ||
| 336 |
_aText _btxt _2rdacontent |
||
| 337 |
_aComputermedien _bc _2rdamedia |
||
| 338 |
_aOnline Resource _bcr _2rdacarrier |
||
| 490 | 1 |
_aIran and the Caucasus Monographs ; _vv.4 |
|
| 500 | _aE-Book-ProQuest / Fernzugriff nach Registrierung möglich | ||
| 520 | _aIn 2014, Yezidis were targeted by the "Islamic State". The Sinjar region has remained a contested landscape ever since: narratives around local shrines, put forward by different political groups, speak about resistance and divine intervention that ensured the Yezidis' survival. | ||
| 655 |
_aFernzugriff _9230 |
||
| 655 | 4 | _aElectronic books. | |
| 776 | 0 | 8 |
_iPrint version: _aRassbach, Benjamin _tLandscapes of Resistance _dBoston : BRILL,c2024 _z9789004711648 |
| 830 | 0 |
_aIran and the Caucasus Monographs _965311 |
|
| 856 | 4 | 0 |
_uhttps://ebookcentral.proquest.com/lib/maxweberstiftung-ebooks/detail.action?docID=31781058 _zVolltext |
| 942 | _cEB | ||
| 999 |
_c71850 _d71850 |
||